Statistics for Countries that have tanks

Click here to take the quiz!

General Stats

  • This quiz has been taken 25 times
  • The average score is 79 of 113

Answer Stats

Hint Answer % Correct
EuropeUnited Kingdom
100%
AsiaChina
100%
AsiaJapan
100%
South AmericaBrazil
100%
EuropeSpain
100%
EuropeGermany
95%
AsiaSouth Korea
95%
AsiaNorth Korea
95%
EuropeFrance
95%
AsiaIndia
95%
AsiaPakistan
95%
EuropeSweden
95%
OceaniaAustralia
95%
South AmericaArgentina
95%
North AmericaUnited States of America
90%
AsiaIran
90%
EuropeBulgaria
90%
EuropePortugal
90%
EuropeNorway
90%
AsiaSaudi Arabia
90%
AsiaIraq
90%
EuropeUkraine
90%
EuropeFinland
90%
North AmericaCanada
86%
EuropeItaly
86%
Asia/ EuropeRussia
86%
EuropeBelarus
86%
EuropeSerbia
86%
AsiaSyria
81%
EuropeRomania
81%
AsiaIsrael
81%
AfricaEgypt
81%
EuropeCzechia
81%
EuropeCroatia
81%
AfricaChad
81%
AsiaOman
81%
South AmericaPeru
81%
AsiaYemen
81%
AsiaTaiwan
76%
AsiaJordan
76%
EuropePoland
76%
AfricaSouth Africa
76%
AfricaAlgeria
76%
AsiaBangladesh
76%
Asia/ EuropeTurkey
76%
EuropeAustria
76%
South AmericaBolivia
76%
North AmericaNicaragua
71%
EuropeSlovenia
71%
EuropeHungary
71%
EuropeBosnia and Herzegovina
71%
South AmericaEcuador
71%
EuropeSlovakia
71%
AfricaAngola
71%
EuropeMacedonia
71%
EuropeSwitzerland
71%
AsiaLebanon
71%
AsiaVietnam
71%
North AmericaGuatemala
71%
AsiaThailand
71%
South AmericaChile
67%
AsiaBahrain
67%
AsiaCambodia
67%
AfricaTunisia
67%
EuropeDenmark
67%
AfricaNigeria
67%
South AmericaUruguay
67%
AfricaMorocco
67%
AfricaEthiopia
67%
AsiaLaos
67%
AsiaUnited Arab Emirates
67%
AsiaKuwait
67%
AsiaIndonesia
67%
AsiaUzbekistan
62%
AsiaSri Lanka
62%
AfricaSudan
62%
AsiaSingapore
62%
AfricaZimbabwe
62%
AsiaArmenia
62%
AfricaParaguay
62%
North AmericaCuba
62%
EuropeGreece
62%
AsiaQatar
62%
AfricaRepublic of the Congo
57%
AfricaLibya
57%
South AmericaVenezuela
57%
AfricaDemocratic Republic of the Congo
57%
AsiaTurkmenistan
57%
North AmericaHonduras
57%
AsiaTajikistan
57%
AfricaMali
57%
AsiaMongolia
57%
AsiaSouth Sudan
52%
AfricaZambia
52%
AsiaMyanmar
52%
AfricaMadagascar
52%
AfricaMozambique
52%
AsiaMalaysia
52%
AfricaTanzania
52%
AfricaKenya
52%
AfricaUganda
52%
AsiaGeorgia
48%
AsiaAzerbaijan
48%
AsiaKazakhstan
43%
AsiaKyrgyzstan
43%
North AmericaDominican Republic
43%
AfricaSomalia
43%
AfricaMauritania
43%
AfricaNamibia
38%
AfricaCentral African Republic
33%
AfricaIvory Coast
14%
AfricaSierra Leone
10%
Asiathe Phileppines
0%

Score Distribution

Percentile by Number Answered

Percent of People with Each Score

Your Score History

You have not taken this quiz